Record Details
Back To Results
Showing Item 1 of 1

The Universe, Black Holes And The  Big Bang

Record details

  • ISBN: 9781526304520
  • Physical Description: Paperback
  • Publisher: London: Wayland, 2016.
Subject: The Universe

Available copies

  • 1 of 1 copy available at Headquarters.
Location Call Number / Copy Notes Barcode Shelving Location Status Due Date
Accra Central Library 201 523.1/UNI 000000555302 500 - Science & Math, Space, Earth, Weather, Animals,Plants - CHN Available -

No reviews or recommendations are currently available.

Loading shelf browser…

LDR 00620cam a2200205Ka 4500
0014613
003HQ
00520200710092200.0
008070101s xxka br 0 eng d
020 . ‡a9781526304520
037 . ‡aBook Aid
082 . ‡a523.1/UNI
100 . ‡aIzzi Howell (Editor)
245 . ‡aThe Universe, Black Holes And The  Big Bang
260 . ‡aLondon: ‡bWayland, ‡c2016.
300 . ‡aPaperback
650 . ‡aThe Universe.
901 . ‡a4613 ‡bAUTOGEN ‡c4613 ‡tbiblio
Back To Results
Showing Item 1 of 1

Session Timeout

Your session will expire in minutes and seconds.

If you need more time, please click "Continue Session."

Session Ended

Your session has ended. Redirecting to the home page...